000 00972nam a22003017a 4500
001 BR0401353
003 BR-BrBNA
005 20230928101533.0
007 ta
008 230509b bl.||||| |||| 00| 0 por d
040 _aBR-BrBNA
_bpor
_cBiblioteca Nacional de Agricultura
041 _a(Por)
072 _aL53
_b5212
_b3650
090 _ 5212 BR0401353
100 1 _aPazzobon, S.E.
110 1 _aUniversidade Federal de Minas Gerais, Belo Horizonte (Brasil). Escola de Veterinária
_0Tese (Mestre em Medicina Veterinária)
245 1 _aEfeito do hormônio de crescimento recombinante humano (rhGH)na maturação in vitro de oócitos bovinos
260 3 _aBelo Horizonte, MG (Brasil):
_c2003.
300 _a53 p.
500 _aSummaries (Eng, Por); Bibliography p. 36-49
650 _aBOVINO
650 _aHORMÔNIO
650 _aREPRODUÇÃO ANIMAL
650 _aEMBRIÃO
650 _aOVOGENESE
909 _a202309
_bLucia
_c55
_dLucia Elande
942 _cBK
999 _c66316
_d66316